000 00258nam a2200109Ia 4500
008 190216s9999||||xx |||||||||||||| ||und||
100 _aNull
245 0 _aLenin Selected Works Vol I To V
260 _bForeign Languages Pub
650 _aHistory
942 _cBK
999 _c18802
_d18802